00570nam a2200169 a 450000500170000000800410001702000180005805000260007610000180010224500690012026000450018930000070023444000230024152000710026465000330033565000320036820140412111410.0070214s19uu xx 00 eng d a983-187-215-0 aTR(GS 428.4bM11 2004 aMah, May S.M. aVet in a jet & Ben and red hen, series 1 book 2 /cMay S.M. Mah. aMalaysia :bRhythm publishing co,c2004. a24 aPhonics in reading aThe pre - reading practice introduces new words before the stories aPhonetics-- Englisg language aReading -- English language